Euronovela DPH k 1.5.2004 (s komentárom a príkladmi)

Salvato in:
Dettagli Bibliografici
Natura: Libro
Lingua:slovacco
Pubblicazione: Bratislava SÚVAHA 2004
Soggetti:
Tags: Aggiungi Tag
Nessun Tag, puoi essere il primo ad aggiungerne!!

MARC

LEADER 00000nam$a2200000$$$4500
001 0013146
005 20240104094529.5
020 |a 80-88727-75-8 
041 0 |a slo 
044 |a SK 
245 1 0 |a Euronovela DPH k 1.5.2004  |b (s komentárom a príkladmi) 
264 1 |a Bratislava  |b SÚVAHA  |c 2004 
300 |a 99 s. 
610 2 0 |a dane z hodnoty pridanej 
610 2 0 |a opatrenia 
610 2 0 |a Slovensko 
610 2 0 |a legislatíva 
610 2 0 |a priznania daňové 
610 2 0 |a Zákon č. 222/2004 Z.z. 
610 2 0 |a Opatrenie MF SR z 28.4.2004 č. 3031/2004-73